00373nam a2200157Ia 4500008004000000020001500040041000800055082001600063100002100079245002900100260003700129300001200166650001800178650001100196650000800207210210b2010 xxu||||| |||| 00| 0 eng d a8131603725 aeng a320.55 PANP aPANDEY (Upasana) aPostmodernism and Gandhi aJaipurbRawat Publicationsc2010 axii-252 aPostmodernism aGandhi aand